NL Central Winners Past 15 Years - Statistics

General Stats
  • This quiz has been taken 15 times
  • The average score is 7 of 15
Answer Stats
Question Answer % Correct
2018 Record:96-67 Brewers
86%
2019 Record:91-71 Cardinals
86%
2014 Record:90-72 Cardinals
71%
2020 Record:34-26 Cubs
71%
2016:103-58-1 Cubs
71%
2021 Record:95-67 Brewers
57%
2009 Record:91-71 Cardinals
57%
2013 Record:97-65 Cardinals
43%
2017 Record:92-70 Cubs
43%
2011 Record:96-66 Brewers
29%
2022 Record:93-69 Cardinals
29%
2008 Record:97-65 Cubs
29%
2015 Record:100-62 Cardinals
14%
2012 Record:97-65 Reds
14%
2010 Record:91-71 Reds
14%
No matching quizzes found
Score Distribution
Percent of People with Each Score
Percentile by Number Answered
Your Score History
You have not taken this quiz